[Event "Hart House Holiday op"]
[Site "Toronto CAN"]
[Date "2009.12.19"]
[Round "3"]
[White "Armstrong, Robert J"]
[Black "Brammall, Stuart"]
[Result "1/2-1/2"]
[WhiteElo "1776"]
[BlackElo "1814"]
[PlyCount "84"]
[GameId "2160767910029969"]
[EventDate "2009.12.18"]
[EventType "swiss"]
[EventRounds "5"]
[EventCountry "CAN"]
[SourceTitle "EXT 2011"]
[Source "ChessBase"]
[SourceDate "2011.11.26"]
[SourceVersion "1"]
[SourceVersionDate "2011.11.26"]
[SourceQuality "1"]

1. d4 d6 2. c4 e5 3. d5 f5 4. Nc3 Nf6 5. Bg5 Nbd7 6. e4 fxe4 7. Nxe4 Be7 8. Nxf6+ Nxf6 9. Qc2 O-O 10. Bd3 e4 11. Be2 Nxd5 12. Bxe7 Nxe7 13. Qxe4 Bf5 14. Qxb7 Rb8 15. Qxa7 Rxb2 16. Nf3 Nc6 17. Qa3 Rc2 18. Rc1 Rxc1+ 19. Qxc1 Qf6 20. O-O Be4 21. Ng5 Nd4 22. Qd2 Bxg2 23. Kxg2 Nxe2 24. Qxe2 Qxg5+ 25. Kh1 Qf5 26. Kg2 Kf7 27. f4 Re8 28. Qf3 Qe4 29. Rf2 g6 30. c5 dxc5 31. Qxe4 Rxe4 32. f5 g5 33. Rc2 Ra4 34. Rxc5 Rxa2+ 35. Kg3 h5 36. Rxc7+ Kf6 37. Rc5 h4+ 38. Kh3 Rf2 39. Ra5 Rxf5 40. Ra6+ Ke5 41. Kg4 Rf2 42. Ra5+ Kf6 1/2-1/2

[Event "Hart House Holiday op"]
[Site "Toronto CAN"]
[Date "2009.12.19"]
[Round "3.2"]
[White "Calugar, Arthur"]
[Black "Sambuev, Bator"]
[Result "1-0"]
[WhiteElo "2336"]
[BlackElo "2624"]
[PlyCount "155"]
[GameId "2160767910029971"]
[EventDate "2009.12.18"]
[EventType "swiss"]
[EventRounds "5"]
[EventCountry "CAN"]

1. e4 c5 2. Nf3 d6 3. d4 cxd4 4. Nxd4 Nf6 5. Nc3 g6 6. Be3 Bg7 7. f3 O-O 8. g4 Nc6 9. Qd2 Bxg4 10. fxg4 Nxg4 11. Nb3 a5 12. Bb5 Nce5 13. O-O-O a4 14. Nd4 a3 15. b3 Nxe3 16. Qxe3 Qa5 17. Nd5 e6 18. b4 Qd8 19. Nc3 Qb6 20. Nf5 Qxe3+ 21. Nxe3 Rfc8 22. Na4 Bh6 23. Rhe1 Rxa4 24. Bxa4 Rc3 25. Kd2 Rc4 26. c3 Rxe4 27. Kc2 Rxe3 28. Rxe3 Bxe3 29. Rxd6 g5 30. Bb5 g4 31. Bf1 Bg1 32. c4 b6 33. c5 bxc5 34. b5 Bxh2 35. b6 Nf3 36. Rd8+ Kg7 37. b7 Nd4+ 38. Kd2 Nc6 39. Rc8 Nb8 40. Rxc5 f5 41. Bc4 Kf6 42. Rc8 Bf4+ 43. Ke2 Ke7 44. Rg8 Be5 45. Bb5 Kf7 46. Rd8 h5 47. Rd3 h4 48. Rxa3 h3 49. Kf2 f4 50. Kg1 Kf6 51. Bf1 Bd6 52. Rb3 Kg5 53. a4 Kh4 54. a5 Bc5+ 55. Kh1 g3 56. Rc3 Ba7 57. Rc7 f3 58. Rh7+ Kg4 59. Bxh3+ Kf4 60. Rf7+ Ke4 61. Rg7 g2+ 62. Bxg2 fxg2+ 63. Kxg2 Kd5 64. Kf3 Na6 65. Re7 Bb8 66. Re8 Kd6 67. Ke4 Nc5+ 68. Kd4 Nd7 69. Kc4 Kc6 70. a6 e5 71. Re6+ Kc7 72. Kb5 Ba7 73. Rc6+ Kd8 74. Rc8+ Ke7 75. Ra8 Bf2 76. b8=Q Nxb8 77. Rxb8 Kd6 78. Rb6+ 1-0

[Event "Hart House Holiday op"]
[Site "Toronto CAN"]
[Date "2009.12.19"]
[Round "3.6"]
[White "Moffat, Andrei"]
[Black "Martchenko, Alexander"]
[Result "1-0"]
[WhiteElo "2232"]
[BlackElo "2340"]
[PlyCount "69"]
[GameId "2160767910029973"]
[EventDate "2009.12.18"]
[EventType "swiss"]
[EventRounds "5"]
[EventCountry "CAN"]

1. d4 Nf6 2. c4 e6 3. Nc3 Bb4 4. e3 b6 5. a3 Bxc3+ 6. bxc3 Ba6 7. Bd3 Nc6 8. e4 e5 9. f4 exd4 10. cxd4 Nxd4 11. Bb2 Ne6 12. e5 Ng8 13. f5 Nc5 14. Nf3 d5 15. O-O dxc4 16. Bc2 Qxd1 17. Rfxd1 Ne7 18. f6 Ng6 19. fxg7 Rg8 20. Ng5 Nf4 21. e6 Ncxe6 22. Nxh7 Nd3 23. Nf6+ Ke7 24. Nxg8+ Rxg8 25. Bc3 Nxg7 26. Rd2 Ne6 27. Rf1 Bb7 28. Re2 c5 29. g3 Bd5 30. Rf5 Bc6 31. Re3 Rg4 32. Bf6+ Ke8 33. Rh5 Re4 34. Rxe4 Bxe4 35. Ba4+ 1-0

[Event "Hart House Holiday op"]
[Site "Toronto CAN"]
[Date "2009.12.19"]
[Round "3.7"]
[White "Gusev, Nikita"]
[Black "Morrison, Kyle"]
[Result "1-0"]
[WhiteElo "2134"]
[BlackElo "2246"]
[PlyCount "71"]
[GameId "2160767910029974"]
[EventDate "2009.12.18"]
[EventType "swiss"]
[EventRounds "5"]
[EventCountry "CAN"]

1. e4 c5 2. Nf3 d6 3. d4 cxd4 4. Nxd4 Nf6 5. Nc3 a6 6. Be2 e5 7. Nb3 Be7 8. Bg5 Be6 9. Bxf6 Bxf6 10. Nd5 Nd7 11. O-O O-O 12. Qd3 Rc8 13. Rfd1 Bxd5 14. exd5 Bg5 15. c3 f5 16. Qc2 Qf6 17. a4 Qh6 18. a5 e4 19. Nd4 Bf4 20. g3 Be5 21. Ne6 Rf6 22. Ra4 g5 23. Rb4 e3 24. f3 f4 25. g4 Qh4 26. Bd3 Rb8 27. Qg2 Rh6 28. Rc4 Nc5 29. Nxc5 dxc5 30. Rxc5 Bd6 31. Rc4 Re8 32. Be4 Rxe4 33. Rxe4 Bc5 34. Qe2 Qxh2+ 35. Qxh2 e2+ 36. Rdd4 1-0

[Event "Hart House Holiday op"]
[Site "Toronto CAN"]
[Date "2009.12.20"]
[Round "4"]
[White "Armstrong, Robert J"]
[Black "Song, Michael"]
[Result "0-1"]
[WhiteElo "1776"]
[BlackElo "1840"]
[PlyCount "137"]
[GameId "2160767910029975"]
[EventDate "2009.12.18"]
[EventType "swiss"]
[EventRounds "5"]
[EventCountry "CAN"]
[SourceTitle "EXT 2011"]
[Source "ChessBase"]
[SourceDate "2011.11.26"]
[SourceVersion "1"]
[SourceVersionDate "2011.11.26"]
[SourceQuality "1"]

1. d4 Nf6 2. c4 e6 3. Nf3 b6 4. e3 Bb7 5. Bd3 Be7 6. O-O O-O 7. Nc3 d5 8. b3 Nbd7 9. Bb2 c5 10. Rc1 Rc8 11. cxd5 exd5 12. dxc5 Nxc5 13. Bb1 Ba6 14. Re1 Re8 15. Ne2 Nce4 16. a3 Bc5 17. Bxe4 Nxe4 18. Nfd4 Qf6 19. f3 Nd6 20. Nf4 Qg5 21. Qd2 Rcd8 22. Qf2 Nf5 23. Nh3 Qf6 24. b4 Bxd4 25. Bxd4 Nxd4 26. exd4 Bc4 27. Qd2 h6 28. Nf2 Qf5 29. Re3 Kf8 30. Rce1 Rxe3 31. Qxe3 Qd7 32. Ng4 Re8 33. Ne5 Qe6 34. Qf4 Kg8 35. h3 f6 36. Nd3 Qd7 37. Rxe8+ Qxe8 38. Qd2 Bxd3 39. Qxd3 Qe1+ 40. Kh2 Qc1 41. Qf5 Qc6 42. Qd3 Kf7 43. b5 Qc4 44. Qf5 Qxb5 45. Qc8 Qc4 46. Qd7+ Kg8 47. Qe6+ Kh8 48. Qe3 a5 49. h4 Qc6 50. h5 b5 51. Qf4 Qb7 52. Qe3 Qb8+ 53. Kh3 Qc8+ 54. g4 b4 55. axb4 axb4 56. Kg3 Kg8 57. Qb3 Qc7+ 58. Kg2 Qb7 59. Kg3 Kf7 60. Qd3 Qb8+ 61. Kg2 b3 62. Kf2 b2 63. Qb1 Qb3 64. Qg6+ Kf8 65. Qf5 b1=Q 66. Qc8+ Kf7 67. Qd7+ Kg8 68. Qe6+ Kh7 69. Qf5+ 0-1

[Event "Hart House Holiday op"]
[Site "Toronto CAN"]
[Date "2009.12.20"]
[Round "4.2"]
[White "Gerzhoy, Leonid"]
[Black "Calugar, Arthur"]
[Result "1-0"]
[WhiteElo "2572"]
[BlackElo "2336"]
[PlyCount "107"]
[GameId "2160767910029976"]
[EventDate "2009.12.18"]
[EventType "swiss"]
[EventRounds "5"]
[EventCountry "CAN"]

1. e4 c5 2. Nf3 d6 3. d4 cxd4 4. Nxd4 Nf6 5. Nc3 Nc6 6. f3 e5 7. Nb3 Be7 8. Be3 O-O 9. Qd2 a5 10. Bb5 Na7 11. Be2 Bd7 12. a3 a4 13. Nc1 Bc6 14. Nd3 Qa5 15. Nb4 Rfd8 16. Rd1 Nc8 17. O-O Bf8 18. Ncd5 Nxd5 19. Nxd5 Qxd2 20. Rxd2 b5 21. c4 Rb8 22. Nb4 Be8 23. c5 Na7 24. cxd6 Nc8 25. Na6 Rb7 26. Nc5 Ra7 27. Rfd1 Rxd6 28. Nd3 Rad7 29. Nxe5 Rxd2 30. Rxd2 Rxd2 31. Bxd2 Bc5+ 32. Kf1 Bd4 33. Bc3 Bxc3 34. bxc3 f6 35. Nd3 Kf7 36. Kf2 Ke7 37. Ke3 Kd6 38. Kd4 Ne7 39. Nb4 g5 40. g3 Bc6 41. f4 gxf4 42. gxf4 Ng6 43. Nd3 Be8 44. e5+ fxe5+ 45. fxe5+ Kc6 46. Nb4+ Kb6 47. e6 Kc7 48. Kc5 Nf8 49. Nd5+ Kc8 50. Kd6 Ng6 51. Nf6 Nf4 52. Nxe8 Nxe2 53. e7 Nxc3 54. Nf6 1-0

[Event "Hart House Holiday op"]
[Site "Toronto CAN"]
[Date "2009.12.20"]
[Round "4.5"]
[White "Sambuev, Bator"]
[Black "Kleinman, Michael"]
[Result "1-0"]
[WhiteElo "2624"]
[BlackElo "2100"]
[PlyCount "67"]
[GameId "2160767910029978"]
[EventDate "2009.12.18"]
[EventType "swiss"]
[EventRounds "5"]
[EventCountry "CAN"]

1. e4 c5 2. Nf3 d6 3. d4 cxd4 4. Nxd4 Nf6 5. Nc3 Nc6 6. Bc4 Bd7 7. Bb3 g6 8. f3 Bg7 9. Be3 O-O 10. Qd2 Qa5 11. O-O-O Rfc8 12. Kb1 Ne5 13. h4 Nc4 14. Bxc4 Rxc4 15. Nb3 Qc7 16. Bd4 a5 17. Bxf6 exf6 18. Nd5 Qd8 19. Ne3 Rc7 20. Nd4 Ra6 21. h5 Rc5 22. g4 Qe7 23. Nd5 Qe5 24. h6 Bh8 25. Nf5 Be6 26. Rhe1 gxf5 27. gxf5 Rxd5 28. exd5 Qxf5 29. Rg1+ Kf8 30. dxe6 fxe6 31. Qg2 Qg5 32. Qh3 Qf5 33. Qxf5 exf5 34. f4 1-0

[Event "Hart House Holiday op"]
[Site "Toronto CAN"]
[Date "2009.12.29"]
[Round "4.13"]
[White "Nicholson, Matthew"]
[Black "McDonald, Justin"]
[Result "1/2-1/2"]
[WhiteElo "1900"]
[BlackElo "2013"]
[PlyCount "42"]
[GameId "2160767910029979"]
[EventDate "2009.12.18"]
[EventType "swiss"]
[EventRounds "5"]
[EventCountry "CAN"]

1. e4 e5 2. Nf3 Nc6 3. Bb5 a6 4. Bxc6 dxc6 5. O-O f6 6. d4 Bg4 7. dxe5 Qxd1 8. Rxd1 fxe5 9. Rd3 Bxf3 10. Rxf3 Nf6 11. Nc3 Bb4 12. Bg5 Bxc3 13. Rxc3 Nxe4 14. Re3 Nxg5 15. Rxe5+ Kf7 16. Rxg5 Rad8 17. Re1 Rhe8 18. Kf1 Rxe1+ 19. Kxe1 Re8+ 20. Kd2 Rd8+ 21. Ke2 Re8+ 1/2-1/2

[Event "Hart House Holiday op"]
[Site "Toronto CAN"]
[Date "2009.12.20"]
[Round "5"]
[White "Young, Alex"]
[Black "Armstrong, Robert J"]
[Result "1/2-1/2"]
[WhiteElo "1802"]
[BlackElo "1776"]
[PlyCount "59"]
[GameId "2160767910029980"]
[EventDate "2009.12.18"]
[EventType "swiss"]
[EventRounds "5"]
[EventCountry "CAN"]
[SourceTitle "EXT 2011"]
[Source "ChessBase"]
[SourceDate "2011.11.26"]
[SourceVersion "1"]
[SourceVersionDate "2011.11.26"]
[SourceQuality "1"]

1. e4 g6 2. d4 Bg7 3. c4 d6 4. Nc3 Nf6 5. Nf3 O-O 6. Be2 Nc6 7. d5 Nb4 8. a3 Na6 9. b4 Nxe4 10. Nxe4 Bxa1 11. Bh6 Bg7 12. Bxg7 Kxg7 13. h4 h5 14. Qd4+ Kg8 15. Nfg5 c5 16. dxc6 bxc6 17. g4 f6 18. gxh5 fxg5 19. h6 Rf7 20. Nxg5 e5 21. Nxf7 Kxf7 22. Qe4 Qe7 23. Rg1 Bf5 24. Qxc6 Nc7 25. h5 Rh8 26. hxg6+ Bxg6 27. Bh5 Rxh6 28. Qg2 Qf6 29. Qb7 Qe7 30. Qg2 1/2-1/2

[Event "Hart House Holiday op"]
[Site "Toronto CAN"]
[Date "2009.12.20"]
[Round "5.3"]
[White "Moffat, Andrei"]
[Black "Shebetah, Wajdy"]
[Result "1-0"]
[WhiteElo "2232"]
[BlackElo "2236"]
[PlyCount "92"]
[GameId "2160767910029983"]
[EventDate "2009.12.18"]
[EventType "swiss"]
[EventRounds "5"]
[EventCountry "CAN"]

1. e4 e6 2. d4 d5 3. e5 c5 4. Qg4 cxd4 5. Nf3 Nc6 6. Bd3 Qc7 7. Qg3 Nge7 8. O-O Ng6 9. Re1 Bd7 10. a3 Be7 11. b4 O-O-O 12. c3 dxc3 13. Nxc3 Nd4 14. Bf4 Nxf3+ 15. Qxf3 Qb6 16. Rac1 Kb8 17. Bg3 Rhf8 18. Nxd5 exd5 19. e6+ Bd6 20. exd7 Rxd7 21. Rc5 Bxg3 22. Qxg3+ Qd6 23. Bf5 Qxg3 24. fxg3 Rdd8 25. h4 f6 26. Bxg6 hxg6 27. Re7 Rc8 28. Rxd5 Rc1+ 29. Kh2 Rc7 30. Rdd7 Rxd7 31. Rxd7 Rg8 32. b5 Kc8 33. Rf7 g5 34. Kh3 gxh4 35. gxh4 Rd8 36. Rxg7 Rd3+ 37. Rg3 Rd5 38. Rf3 Rxb5 39. Rxf6 Rb3+ 40. Rf3 Rxf3+ 41. gxf3 Kd7 42. Kg4 b5 43. Kf5 a5 44. Ke5 Ke7 45. f4 Kf7 46. h5 a4 1-0

[Event "Hart House Holiday op"]
[Site "Toronto CAN"]
[Date "2009.12.20"]
[Round "5.4"]
[White "Martchenko, Alexander"]
[Black "Sambuev, Bator"]
[Result "0-1"]
[WhiteElo "2340"]
[BlackElo "2624"]
[PlyCount "50"]
[GameId "2160767910029984"]
[EventDate "2009.12.18"]
[EventType "swiss"]
[EventRounds "5"]
[EventCountry "CAN"]

1. e4 e6 2. d4 d5 3. Nc3 Bb4 4. e5 c5 5. a3 Ba5 6. b4 cxd4 7. Qg4 Ne7 8. bxa5 dxc3 9. Qxg7 Rg8 10. Qxh7 Nbc6 11. Nf3 Qc7 12. Bf4 Bd7 13. a6 b6 14. Qd3 Rg4 15. g3 Ng6 16. h3 Nxf4 17. Qh7 O-O-O 18. hxg4 Nxe5 19. Nxe5 Qxe5+ 20. Kd1 Qd4+ 21. Bd3 Qxf2 22. Kc1 Qxg3 23. a4 f5 24. Rd1 Nxd3+ 25. Rxd3 Qf4+ 0-1

[Event "Hart House Holiday op"]
[Site "Toronto CAN"]
[Date "2009.12.20"]
[Round "5.5"]
[White "Calugar, Arthur"]
[Black "Sapozhnikov, Roman"]
[Result "1/2-1/2"]
[WhiteElo "2336"]
[BlackElo "2398"]
[PlyCount "139"]
[GameId "2160767910029985"]
[EventDate "2009.12.18"]
[EventType "swiss"]
[EventRounds "5"]
[EventCountry "CAN"]

1. Nf3 g6 2. c4 Bg7 3. Nc3 Nf6 4. g3 O-O 5. Bg2 d6 6. d4 Nc6 7. b3 a6 8. Bb2 Rb8 9. O-O e5 10. dxe5 dxe5 11. Nd5 Nh5 12. e3 f5 13. Nd2 Be6 14. Qe2 Rf7 15. Rad1 Qf8 16. Nb1 e4 17. Bxg7 Qxg7 18. f3 exf3 19. Bxf3 Nf6 20. Nf4 Bd7 21. Nc3 Ne5 22. Bg2 c6 23. Na4 Ne4 24. Nd3 Nxd3 25. Rxd3 b5 26. Nb2 Be6 27. Qc2 Qe5 28. Rd4 c5 29. Rd3 Rbf8 30. Rdd1 Qg7 31. cxb5 axb5 32. Nd3 c4 33. Nf4 cxb3 34. axb3 Qe5 35. Nxe6 Qxe6 36. Rd4 Nf6 37. Qd3 Re7 38. Re1 Qe5 39. b4 Kg7 40. Bf3 h5 41. Kg2 Rc8 42. Re2 g5 43. h4 g4 44. Bd5 Rd8 45. Rd2 Qxe3 46. Qxe3 Rxe3 47. Bc6 Rxd4 48. Rxd4 Ne4 49. Bxe4 Re2+ 50. Kf1 Rxe4 51. Rd5 Rxb4 52. Rxf5 Kg6 53. Rg5+ Kh6 54. Kf2 Rb3 55. Rc5 Rf3+ 56. Kg2 b4 57. Rc6+ Kg7 58. Rc5 Kg6 59. Rg5+ Kh6 60. Rb5 b3 61. Rb6+ Kg7 62. Rb5 Kg6 63. Rg5+ Kh6 64. Rb5 Rc3 65. Kf2 Rc2+ 66. Ke3 b2 67. Rb6+ Kg7 68. Kf4 Rd2 69. Kg5 Rd5+ 70. Kf4 1/2-1/2

[Event "Hart House Holiday op"]
[Site "Toronto CAN"]
[Date "2009.12.20"]
[Round "5.6"]
[White "Gusev, Nikita"]
[Black "Southam, David"]
[Result "1/2-1/2"]
[WhiteElo "2134"]
[BlackElo "2163"]
[PlyCount "78"]
[GameId "2160767910029986"]
[EventDate "2009.12.18"]
[EventType "swiss"]
[EventRounds "5"]
[EventCountry "CAN"]

1. e4 c5 2. Nf3 e6 3. d4 cxd4 4. Nxd4 Nc6 5. Nc3 a6 6. g3 d6 7. Bg2 Bd7 8. O-O Nf6 9. a4 Be7 10. Kh1 O-O 11. Nb3 Ne5 12. f4 Nc4 13. Qe2 Qc7 14. Nd2 Nxd2 15. Bxd2 Bc6 16. Be3 b6 17. Rad1 Qb7 18. Bg1 b5 19. Bd4 b4 20. Bxf6 Bxf6 21. Nb1 Rfd8 22. b3 d5 23. e5 Be7 24. Nd2 Rac8 25. Nf3 Rc7 26. Nd4 Rdc8 27. Rf2 Bc5 28. Bf1 Qb6 29. Qd3 a5 30. Rfd2 Bxd4 31. Qxd4 Qxd4 32. Rxd4 Be8 33. Bd3 f6 34. exf6 gxf6 35. Rd2 f5 36. Kg1 Kg7 37. g4 fxg4 38. f5 exf5 39. Rxd5 Bg6 1/2-1/2

[Event "Hart House Holiday op"]
[Site "Toronto CAN"]
[Date "2009.12.20"]
[Round "5.7"]
[White "Dougherty, Michael"]
[Black "Wang, Jesse BJ"]
[Result "1-0"]
[WhiteElo "2303"]
[BlackElo "2095"]
[PlyCount "57"]
[GameId "2160767910029987"]
[EventDate "2009.12.18"]
[EventType "swiss"]
[EventRounds "5"]
[EventCountry "CAN"]

1. e4 c5 2. Nf3 d6 3. Nc3 Nf6 4. Bc4 e6 5. e5 dxe5 6. Nxe5 Bd6 7. Qe2 O-O 8. f4 a6 9. a4 Qc7 10. O-O Nc6 11. Nxc6 Qxc6 12. d3 b6 13. Ne4 Nxe4 14. dxe4 Bb7 15. e5 Be7 16. Ra3 Rfd8 17. f5 Rd4 18. Rg3 Qe4 19. Qxe4 Bxe4 20. Bh6 Bf8 21. fxe6 Rxc4 22. exf7+ Kh8 23. e6 Bg6 24. Bg5 Bxf7 25. Rxf7 g6 26. Rgf3 Kg8 27. e7 Bg7 28. Rxg7+ Kxg7 29. Rf8 1-0

[Event "Hart House Holiday op"]
[Site "Toronto CAN"]
[Date "2009.12.20"]
[Round "5.8"]
[White "Kleinman, Michael"]
[Black "Morrison, Kyle"]
[Result "1/2-1/2"]
[WhiteElo "2100"]
[BlackElo "2246"]
[PlyCount "64"]
[GameId "2160767910029988"]
[EventDate "2009.12.18"]
[EventType "swiss"]
[EventRounds "5"]
[EventCountry "CAN"]

1. e4 c5 2. Nc3 d6 3. g3 g6 4. Bg2 Bg7 5. d3 Nc6 6. Be3 e6 7. Qd2 Qa5 8. Nge2 Nd4 9. O-O Ne7 10. a3 Bd7 11. f4 Rb8 12. Nxd4 cxd4 13. Ne2 Qxd2 14. Bxd2 Ba4 15. Rfc1 Kd7 16. b3 Bc6 17. c4 Rhc8 18. a4 f5 19. Kf2 b6 20. Bf3 a6 21. g4 b5 22. cxb5 axb5 23. Ng3 bxa4 24. bxa4 Rb2 25. Ke1 fxg4 26. Bxg4 h5 27. Bd1 Bh6 28. Ne2 Rcb8 29. Rc2 Rxc2 30. Bxc2 e5 31. a5 Bb5 32. Rb1 Nc6 1/2-1/2

[Event "Hart House Reading Week op"]
[Site "Toronto CAN"]
[Date "2009.02.20"]
[Round "1"]
[White "Armstrong, Robert J"]
[Black "Hambleton, Aman"]
[Result "0-1"]
[WhiteElo "1845"]
[BlackElo "2139"]
[PlyCount "60"]
[GameId "2160767910260626"]
[EventDate "2009.02.20"]
[EventType "swiss"]
[EventRounds "5"]
[EventCountry "CAN"]
[SourceTitle "EXT 2011"]
[Source "ChessBase"]
[SourceDate "2011.11.26"]
[SourceVersion "1"]
[SourceVersionDate "2011.11.26"]
[SourceQuality "1"]

1. d4 Nf6 2. c4 c5 3. d5 b5 4. cxb5 a6 5. Nc3 axb5 6. Nxb5 Ba6 7. Nc3 g6 8. e4 Bxf1 9. Kxf1 d6 10. Nf3 Nbd7 11. g3 Bg7 12. Kg2 O-O 13. Bg5 Ra6 14. Re1 h6 15. Bf4 Qa8 16. Kg1 g5 17. Bd2 Qb7 18. Rb1 e6 19. dxe6 fxe6 20. h3 g4 21. hxg4 Nxg4 22. Rf1 Bxc3 23. Bxc3 Qxe4 24. Nh2 Nxh2 25. Kxh2 d5 26. Qe1 Qf3 27. Qe3 Qh5+ 28. Kg1 d4 29. Bxd4 cxd4 30. Qxd4 Ne5 0-1

[Event "Hart House Reading Week op"]
[Site "Toronto CAN"]
[Date "2009.02.21"]
[Round "2"]
[White "Lin, Tony (Juntao)"]
[Black "Armstrong, Robert J"]
[Result "0-1"]
[WhiteElo "1407"]
[BlackElo "1845"]
[PlyCount "124"]
[GameId "2160767910260627"]
[EventDate "2009.02.20"]
[EventType "swiss"]
[EventRounds "5"]
[EventCountry "CAN"]

1. e4 g6 2. d4 Bg7 3. Nf3 d6 4. Nc3 Nf6 5. Be2 O-O 6. O-O Nc6 7. h3 e5 8. d5 Ne7 9. Re1 h6 10. Nd2 Nd7 11. Nb3 f5 12. f4 exf4 13. Bxf4 fxe4 14. Qd2 Kh7 15. Rab1 Nf6 16. Bc4 Bf5 17. g4 Bd7 18. Nxe4 g5 19. Bg3 Ng6 20. c3 Nxe4 21. Rxe4 Ne5 22. Bd3 Nf3+ 23. Kg2 Nxd2 24. Re8+ Kg8 25. Rxd8 Raxd8 26. Nxd2 Rde8 27. c4 Re3 28. Bf1 Rfe8 29. Bf2 R3e7 30. Bg3 Re2+ 31. Bxe2 Rxe2+ 32. Kf1 Rxd2 33. Re1 Kf7 34. Re2 Rxb2 35. Rxb2 Bxb2 36. Bf2 a6 37. Ba7 Ba3 38. Bb8 c6 39. dxc6 bxc6 40. Ke2 Kf6 41. Kd2 Ke5 42. Ke3 Be6 43. Bc7 Bxc4 44. Bd8 Ke6 45. Ke4 Bxa2 46. Ba5 d5+ 47. Kd3 c5 48. Bc3 Bc4+ 49. Kd2 Bb4 50. Kc2 Bxc3 51. Kxc3 Ke5 52. Kd2 Kd4 53. Kc2 Ke3 54. Kb2 d4 55. Kc1 Ke2 56. h4 gxh4 57. g5 hxg5 58. Kb2 d3 59. Kc3 Bb5 60. Kb2 d2 61. Kc3 d1=Q 62. Kb2 Bc4 0-1

[Event "Hart House Reading Week op"]
[Site "Toronto CAN"]
[Date "2009.02.21"]
[Round "3"]
[White "Mayo, Alvah"]
[Black "Armstrong, Robert J"]
[Result "1-0"]
[WhiteElo "2139"]
[BlackElo "1845"]
[PlyCount "71"]
[GameId "2160767910260628"]
[EventDate "2009.02.20"]
[EventType "swiss"]
[EventRounds "5"]
[EventCountry "CAN"]
[SourceTitle "EXT 2011"]
[Source "ChessBase"]
[SourceDate "2011.11.26"]
[SourceVersion "1"]
[SourceVersionDate "2011.11.26"]
[SourceQuality "1"]

1. e4 g6 2. d4 Bg7 3. c4 d6 4. Nc3 Nf6 5. f3 O-O 6. Be3 Nfd7 7. h4 e5 8. d5 f5 9. h5 f4 10. Bf2 g5 11. Nge2 Rf6 12. g4 fxg3 13. Nxg3 h6 14. Bh3 Nf8 15. Bxc8 Qxc8 16. Nf5 Qe8 17. Nb5 Qd7 18. Bxa7 Na6 19. Be3 Nh7 20. a3 Raf8 21. Qd3 Rxf5 22. exf5 Rxf5 23. Ke2 Nc5 24. Bxc5 dxc5 25. Nxc7 Qf7 26. Raf1 Nf8 27. Ne8 Rf4 28. Nd6 Qd7 29. Ne4 b6 30. b4 cxb4 31. axb4 g4 32. Rhg1 gxf3+ 33. Rxf3 Qf5 34. Rxf4 Qxf4 35. Qf3 Kf7 36. Nd6+ 1-0

[Event "Hart House Reading Week op"]
[Site "Toronto CAN"]
[Date "2009.02.22"]
[Round "4"]
[White "Armstrong, Robert J"]
[Black "Bzikot, Robert"]
[Result "0-1"]
[WhiteElo "1845"]
[BlackElo "1864"]
[PlyCount "47"]
[GameId "2160767910260629"]
[EventDate "2009.02.20"]
[EventType "swiss"]
[EventRounds "5"]
[EventCountry "CAN"]
[SourceTitle "EXT 2011"]
[Source "ChessBase"]
[SourceDate "2011.11.26"]
[SourceVersion "1"]
[SourceVersionDate "2011.11.26"]
[SourceQuality "1"]

1. d4 f5 2. c4 Nf6 3. g3 g6 4. Bg2 Bg7 5. Nf3 d6 6. O-O O-O 7. d5 c6 8. Nc3 Na6 9. Ng5 h6 10. dxc6 hxg5 11. cxb7 Rb8 12. bxc8=Q Qxc8 13. Bxg5 Rxb2 14. Bxf6 Rxf6 15. Nd5 Re6 16. Nf4 Rf6 17. Qd5+ Kh7 18. Nh3 Rf8 19. Ng5+ Kh8 20. Qf3 Qxc4 21. h4 Qxe2 22. Qd5 Rd2 23. Nf7+ Kg8 24. Ng5+ 0-1

[Event "Hart House Reading Week op"]
[Site "Toronto CAN"]
[Date "2009.02.22"]
[Round "4"]
[White "Song, Michael"]
[Black "Wilker, Marcus"]
[Result "1-0"]
[WhiteElo "1568"]
[BlackElo "1840"]
[PlyCount "37"]
[GameId "2160767910260630"]
[EventDate "2009.02.20"]
[EventType "swiss"]
[EventRounds "5"]
[EventCountry "CAN"]

1. e4 c6 2. d4 d5 3. Nc3 dxe4 4. Nxe4 Nf6 5. Nxf6+ gxf6 6. Bc4 Bf5 7. c3 Rg8 8. Qb3 Be6 9. Bxe6 fxe6 10. Qxb7 Qb6 11. Qxa8 Qc7 12. g3 Kf7 13. Bf4 e5 14. dxe5 fxe5 15. Be3 Nd7 16. Qxa7 Qxa7 17. Bxa7 c5 18. Rd1 Ke8 19. b4 1-0

[Event "Hart House Reading Week op"]
[Site "Toronto CAN"]
[Date "2009.02.22"]
[Round "5"]
[White "Armstrong, Robert J"]
[Black "Wu, Aaron"]
[Result "1/2-1/2"]
[WhiteElo "1845"]
[BlackElo "1995"]
[PlyCount "76"]
[GameId "2160767910260631"]
[EventDate "2009.02.20"]
[EventType "swiss"]
[EventRounds "5"]
[EventCountry "CAN"]
[SourceTitle "EXT 2011"]
[Source "ChessBase"]
[SourceDate "2011.11.26"]
[SourceVersion "1"]
[SourceVersionDate "2011.11.26"]
[SourceQuality "1"]

1. d4 Nf6 2. c4 g6 3. Nc3 Bg7 4. e4 d6 5. f3 O-O 6. Be3 e5 7. d5 Ne8 8. g4 Na6 9. h4 c6 10. Qd2 cxd5 11. Nxd5 Nac7 12. O-O-O Nxd5 13. cxd5 Bd7 14. Kb1 b5 15. h5 a5 16. Be2 b4 17. hxg6 fxg6 18. Bh6 Nf6 19. Bxg7 Kxg7 20. Qh6+ Kg8 21. g5 Nh5 22. Rxh5 gxh5 23. g6 Qe7 24. gxh7+ Qxh7 25. Qxd6 Qg7 26. Qb6 Rf6 27. d6 Rg6 28. Bc4+ Kh7 29. Ne2 Rc8 30. Bb5 Bxb5 31. Qxb5 Rd8 32. d7 Qe7 33. Rd5 h4 34. Qxa5 h3 35. Rxe5 Qxd7 36. Rd5 Rd6 37. Rh5+ Rh6 38. Rd5 Rd6 1/2-1/2

[Event "Hart House Reading Week op U2000"]
[Site "Toronto CAN"]
[Date "2009.02.20"]
[Round "1"]
[White "Shah, Omar"]
[Black "Gillis, Doug"]
[Result "1-0"]
[WhiteElo "1941"]
[BlackElo "1683"]
[PlyCount "45"]
[GameId "2160767910260632"]
[EventDate "2009.02.20"]
[EventType "swiss"]
[EventRounds "5"]
[EventCountry "CAN"]
[SourceTitle "hb 2019"]

1. e4 e6 2. d4 d5 3. Nc3 dxe4 4. Nxe4 Qd5 5. Nc3 Bb4 6. Nf3 Nf6 7. Bd3 O-O 8. O-O Bxc3 9. bxc3 b6 10. Re1 Nbd7 11. a4 Bb7 12. c4 Qc6 13. Ba3 Rfe8 14. d5 exd5 15. Nd4 Rxe1+ 16. Qxe1 Re8 17. Qxe8+ Nxe8 18. Nxc6 Bxc6 19. cxd5 Bxd5 20. a5 Nc5 21. Re1 Nf6 22. Bxc5 bxc5 23. Re7 1-0

[Event "Hart House Summer op"]
[Site "Toronto CAN"]
[Date "2009.07.05"]
[Round "4"]
[White "Stein, Mickey"]
[Black "Shah, Omar"]
[Result "0-1"]
[WhiteElo "1930"]
[BlackElo "1921"]
[PlyCount "70"]
[GameId "2160767910156412"]
[EventDate "2009.07.03"]
[EventType "swiss"]
[EventRounds "5"]
[EventCountry "CAN"]
[SourceTitle "hb 2019"]

1. d4 Nf6 2. Nf3 e6 3. e3 Be7 4. Bd3 d5 5. O-O O-O 6. b3 b6 7. Bb2 Bb7 8. Nbd2 Nbd7 9. Ne5 c5 10. f4 Rc8 11. Qe2 Bd6 12. Ndf3 Qe7 13. Nxd7 Qxd7 14. Ne5 Qe7 15. Rac1 cxd4 16. exd4 Ba3 17. Bxa3 Qxa3 18. Rcd1 Qb2 19. Kh1 Ne4 20. Qh5 Rc7 21. Bxe4 dxe4 22. f5 exf5 23. Qxf5 e3 24. Rg1 Rxc2 25. Nf3 Rf2 26. d5 Qxa2 27. Qh3 e2 28. Rde1 Bxd5 29. Qg3 Rf1 30. Rgxf1 exf1=Q+ 31. Rxf1 Qxb3 32. h4 a5 33. h5 h6 34. Qe5 a4 35. Nd4 Qh3+ 0-1